000
00217nam a22000857a 4500
008
170427b xxu||||| |||| 00| 0 eng d
100
_9
3084
_a
Batra S.K.etal.
245
_a
Together with Mathematics-VIII
260
_a
New Delhi
999
_c
6371
_d
6371